[Event "Minsk op"]
[Site "Minsk"]
[Date "2023.11.04"]
[Round "2"]
[White "Dzelnik, Yana"]
[Black "Nemogai, Vladimir"]
[Result "1-0"]
[WhiteElo "1391"]
[BlackElo "1132"]
[PlyCount "53"]
[EventDate "2023.11.03"]
[EventType "swiss"]
[EventRounds "9"]
[EventCountry "BLR"]
[SourceTitle "CB46_2023"]
[SourceDate "2023.11.15"]
[SourceVersion "1"]
[SourceVersionDate "2023.11.15"]
[SourceQuality "1"]

1. e4 c5 2. c3 e6 3. d4 cxd4 4. cxd4 d5 5. exd5 exd5 6. Nf3 Nf6 7. Nc3 Nc6 8. Bb5 a6 9. Ba4 Be7 10. h3 0-0 11. 0-0 h6 12. Bc2 Re8 13. a3 Be6 14. Qd3 Bd6 15. Re1 Qc7 16. Be3 Rac8 17. Rac1 Ne7 18. Qd2 Nc6 19. Bxh6 gxh6 20. Qxh6 Ne4 21. Rxe4 dxe4 22. Nxe4 f5 23. Nf6+ Kf7 24. Ng5+ Ke7 25. Nxe6 Qb8 26. Qg7+ Kxe6 27. Bb3# 1-0

[Event "Minsk ODM Team Cup U16"]
[Site "Minsk"]
[Date "2021.??.??"]
[Round "1.5"]
[White "Norman, Kseniya"]
[Black "Dzelnik, Yana"]
[Result "1-0"]
[WhiteElo "1915"]
[BlackElo "1106"]
[PlyCount "82"]
[EventDate "2021.03.01"]
[EventType "team-tourn"]
[EventRounds "7"]
[EventCountry "BLR"]
[SourceTitle "EXT 2022"]
[Source "ChessBase"]
[SourceDate "2021.10.06"]
[SourceVersion "1"]
[SourceVersionDate "2021.10.06"]
[SourceQuality "1"]
[WhiteTeam "Grodnensk Region"]
[BlackTeam "Minsk Region"]
[WhiteTeamCountry "BLR"]
[BlackTeamCountry "BLR"]

1. e4 c5 2. Nc3 Nc6 3. f4 g6 4. Nf3 Bg7 5. Bb5 a6 6. Bxc6 bxc6 7. 0-0 d5 8. d3 e6 9. Qe1 Nf6 10. Na4 Nd7 11. f5 0-0 12. fxe6 fxe6 13. exd5 exd5 14. Qe6+ Kh8 15. Qxc6 Rb8 16. Bg5 Qa5 17. Bd2 Qb5 18. Qxb5 axb5 19. Nc3 Nf6 20. Bf4 Rb6 21. Bc7 Rc6 22. Be5 b4 23. Bxf6 Bxf6 24. Nxd5 Bxb2 25. Rab1 Bg7 26. Ng5 Bd4+ 27. Kh1 Bf6 28. Nxf6 Rcxf6 29. Kg1 Rxf1+ 30. Rxf1 Rxf1+ 31. Kxf1 h6 32. Ne4 Be6 33. Nxc5 Bxa2 34. Ke2 Kg7 35. Nb3 Kf6 36. Kd2 Ke5 37. Kc1 Kd5 38. Kb2 Bxb3 39. Kxb3 Kc5 40. Ka4 h5 41. h4 Kd5 1-0